Escritura material

Guardat en:
Dades bibliogràfiques
Autor principal: Zurita, Raúl (Autor)
Format: Llibre
Idioma:espanyol
anglès
Publicat: Santiago Escuela de Arte UDP 2015
Edició:1a. ed
Matèries:
Etiquetes: Afegir etiqueta
Sense etiquetes, Sigues el primer a etiquetar aquest registre!

MARC

LEADER 00000cam a2200000 a 4500
001 UCC1110
003 CL-VaPUC
008 170929e20150000cl |||||||||||||||||spa|d
020 |a 9789569131370 
041 0 7 |a spa  |2 CL-VaPUC 
041 0 7 |a eng  |2 CL-VaPUC 
082 0 4 |a Ch861  |b ZUR  |2 21 
100 |a Zurita, Raúl  |e author  |9 458976 
245 1 0 |a Escritura material 
246 1 0 |a Tangible writing 
250 |a 1a. ed 
300 |a 100 p 
942 |c BK 
945 |d 20170929 13:43:00  |a dcastane 
260 |a Santiago  |b Escuela de Arte UDP  |c 2015 
650 0 |a Poesías chilenas   |9 265280 
650 0 |a Literatura chilena   |9 308278 
583 |a last modification  |c 20170929 13:43:00  |k Rodrigo Vera 
999 |c 369690  |d 369688 
952 |0 0  |1 0  |2 ddc  |3 erb  |4 0  |6 CH_861_000000000000000_ZUR_2015  |7 0  |8 A  |9 485631  |a BIBART  |b BIBART  |i 5426529  |l 2  |o Ch861 ZUR 2015  |p 5426529  |r 2025-03-13  |s 2024-08-21  |w 2019-11-24  |y BK  |z Catalogado en:20170929  |k ART